[Event "Minsk Amateur op"]
[Site "Minsk"]
[Date "2018.06.30"]
[Round "8"]
[White "Strybuk, Artsiom I"]
[Black "Teryaeva, Valeria"]
[Result "1-0"]
[WhiteElo "2079"]
[BlackElo "1787"]
[PlyCount "67"]
[EventDate "2018.06.25"]
[EventType "swiss"]
[EventRounds "9"]
[EventCountry "BLR"]
[SourceTitle "CBM 185 Extra"]
[Source "ChessBase"]
[SourceDate "2018.07.29"]
[SourceVersion "1"]
[SourceVersionDate "2018.07.29"]
[SourceQuality "1"]

1. d4 f5 2. Nf3 Nf6 3. g3 g6 4. Bg2 Bg7 5. 0-0 d6 6. c4 0-0 7. Nc3 c6 8. b3 Qc7 9. Qc2 e5 10. dxe5 dxe5 11. Ba3 Re8 12. Rad1 Nbd7 13. Bd6 Qb6 14. b4 a5 15. Qb3 c5 16. bxc5 Qxb3 17. axb3 e4 18. Nd4 Ng4 19. Nd5 Ndf6 20. Nc7 Bd7 21. h3 Nh6 22. e3 Nf7 23. Nxa8 Rxa8 24. Nb5 Bc6 25. Nc7 Rc8 26. Kh2 Nd7 27. Nd5 Bxd5 28. Rxd5 Nde5 29. Bxe5 Nxe5 30. g4 Nd3 31. gxf5 Be5+ 32. Kg1 gxf5 33. f3 Rxc5 34. fxe4 1-0

[Event "Minsk Amateur op"]
[Site "Minsk"]
[Date "2018.06.27"]
[Round "4"]
[White "Aslanov, Umid Fuad"]
[Black "Teryaeva, Valeria"]
[Result "1-0"]
[WhiteElo "1595"]
[BlackElo "1787"]
[PlyCount "77"]
[EventDate "2018.06.25"]
[EventType "swiss"]
[EventRounds "9"]
[EventCountry "BLR"]
[SourceTitle "CBM 185 Extra"]
[Source "ChessBase"]
[SourceDate "2018.07.29"]
[SourceVersion "1"]
[SourceVersionDate "2018.07.29"]
[SourceQuality "1"]

1. e4 c5 2. Nf3 e6 3. d4 cxd4 4. Nxd4 Nf6 5. Nc3 Nc6 6. a3 d5 7. exd5 Nxd5 8. Nxd5 exd5 9. Bb5 Bd7 10. 0-0 Be7 11. Re1 0-0 12. Nxc6 bxc6 13. Bd3 Bf6 14. c3 Rb8 15. Qc2 h6 16. Be3 Qc7 17. Qd2 Rfe8 18. Bf4 Be5 19. Bxe5 Rxe5 20. Rxe5 Qxe5 21. Re1 Rxb2 22. Qc1 Qb8 23. Re3 Be6 24. h3 a5 25. Rg3 Kh8 26. Qe3 Qb6 27. Qe5 Qxf2+ 28. Kh2 Qf6 29. Qd6 g6 30. Qf8+ Kh7 31. Bxg6+ Qxg6 32. Rxg6 Kxg6 33. Qc5 Ra2 34. Qxa5 Bf5 35. Qc5 Be4 36. Qxc6+ Kg5 37. h4+ Kh5 38. Qf6 Bxg2 39. Kg3 1-0

[Event "Voronezh op-B 22nd"]
[Site "Voronezh"]
[Date "2018.06.12"]
[Round "1"]
[White "Teryaeva, Valeria"]
[Black "Kolomensky, Vladimir"]
[Result "0-1"]
[WhiteElo "1787"]
[BlackElo "2120"]
[PlyCount "108"]
[EventDate "2018.06.12"]
[EventType "swiss"]
[EventRounds "9"]
[EventCountry "RUS"]
[SourceTitle "CBM 185 Extra"]
[Source "ChessBase"]
[SourceDate "2018.07.29"]
[SourceVersion "1"]
[SourceVersionDate "2018.07.29"]
[SourceQuality "1"]

1. e4 c5 2. c3 d5 3. exd5 Qxd5 4. d4 Nf6 5. Nf3 e6 6. Be2 cxd4 7. cxd4 Nc6 8. Nc3 Qd6 9. 0-0 Be7 10. h3 0-0 11. a3 b6 12. Be3 Bb7 13. Rc1 Rac8 14. b4 Rfd8 15. Qb3 h6 16. Rfd1 Bf8 17. Bc4 Ne7 18. Nb5 Qb8 19. Ne5 Ned5 20. Qd3 a6 21. Nc3 Nxc3 22. Rxc3 b5 23. Ba2 Be4 24. Rxc8 Qxc8 25. Qe2 Qa8 26. f3 Bd5 27. Bb1 Bd6 28. Qd3 Be7 29. Rc1 Rc8 30. Rc3 Qb7 31. Qc2 Rxc3 32. Qxc3 Bd6 33. Qc2 Kf8 34. Qc3 Qc7 35. Qxc7 Bxc7 36. Kf2 Ke7 37. Bc2 Nd7 38. Nd3 a5 39. a4 bxa4 40. Bxa4 Nb6 41. Bb5 a4 42. Bc1 Bc4 43. Bxc4 Nxc4 44. Nb2 Nb6 45. Nd3 Kd6 46. Ke3 Kd5 47. Nc5 Kc4 48. g4 g6 49. h4 h5 50. gxh5 gxh5 51. Ke4 Bd6 52. f4 f5+ 53. Ke3 Nd5+ 54. Kf3 Bxc5 0-1

[Event "Heinola Suomi 100 ottelu Vierumaki"]
[Site "Heinola"]
[Date "2017.11.18"]
[Round "3"]
[White "Taipale, Reijo"]
[Black "Teryaeva, Valeria"]
[Result "0-1"]
[WhiteElo "1836"]
[BlackElo "1723"]
[PlyCount "66"]
[EventDate "2017.11.17"]
[EventType "swiss"]
[EventRounds "3"]
[EventCountry "FIN"]
[SourceTitle "EXT 2022"]
[Source "ChessBase"]
[SourceDate "2021.10.06"]
[SourceVersion "1"]
[SourceVersionDate "2021.10.06"]
[SourceQuality "1"]

1. b3 e5 2. Bb2 d6 3. e3 f5 4. Ne2 g6 5. g3 Nf6 6. Bg2 Bg7 7. c4 0-0 8. Nbc3 Nc6 9. a3 a5 10. Qc2 Nh5 11. Bf3 Nf6 12. Nd5 Be6 13. Nxf6+ Bxf6 14. d4 e4 15. Bg2 d5 16. Nf4 Bf7 17. cxd5 Bxd5 18. Nxd5 Qxd5 19. Bf1 Kh8 20. Bc4 Qd6 21. h4 Rad8 22. Rc1 Ne7 23. h5 g5 24. h6 c6 25. Qd2 f4 26. gxf4 gxf4 27. d5 fxe3 28. Bxf6+ Rxf6 29. Qxe3 cxd5 30. Be2 Nf5 31. Qc3 d4 32. Qc7 d3 33. Qxd6 Rfxd6 0-1

[Event "Moscow op-B (Women) 13th"]
[Site "Moscow"]
[Date "2017.01.30"]
[Round "3"]
[White "Teryaeva, Valeria"]
[Black "Loskutova, Viktoriya"]
[Result "0-1"]
[WhiteElo "1719"]
[BlackElo "1916"]
[PlyCount "104"]
[EventDate "2017.01.28"]
[EventType "swiss"]
[EventRounds "9"]
[EventCountry "RUS"]
[SourceTitle "EXT 2018"]
[Source "ChessBase"]
[SourceDate "2017.10.13"]
[SourceVersion "1"]
[SourceVersionDate "2017.10.13"]
[SourceQuality "1"]

1. e4 c5 2. c3 g6 3. d4 cxd4 4. cxd4 d5 5. exd5 Nf6 6. Nf3 Bg7 7. g3 Nxd5 8. Bg2 Nc6 9. 0-0 0-0 10. Nc3 Nb6 11. Be3 Nc4 12. Qe2 Nxe3 13. fxe3 Bg4 14. Qb5 Rb8 15. Rad1 a6 16. Qa4 Qc8 17. Rf2 Bh6 18. Nd5 Qe6 19. Nf4 Qd6 20. Re1 Bxf4 21. gxf4 Rfd8 22. Nd2 Qf6 23. Ne4 Qh4 24. Qb3 Be6 25. Qa3 Bh3 26. Bf3 Bg4 27. Bh1 Bf5 28. Ng5 h6 29. Nf3 Qf6 30. Nd2 Be6 31. Ne4 Qh4 32. Nc5 Bd5 33. e4 Bc4 34. d5 Nd4 35. Qe3 Ne2+ 36. Rexe2 Bxe2 37. Rxe2 Qg4+ 38. Bg2 Rdc8 39. Kh1 Rxc5 40. Qxc5 Qxe2 41. Qc1 b5 42. h3 Qc4 43. Qe1 Kg7 44. f5 Rc8 45. Qg3 Qd4 46. h4 Rc1+ 47. Kh2 Rc2 48. fxg6 fxg6 49. h5 Qxe4 50. Qc3+ Rxc3 51. Bxe4 Re3 52. Bxg6 Re2+ 0-1

[Event "World School-ch U15 Girls"]
[Site "Sochi"]
[Date "2016.12.03"]
[Round "1"]
[White "Teryaeva, Valeria"]
[Black "Antova, Gabriela"]
[Result "1/2-1/2"]
[WhiteElo "1717"]
[BlackElo "2182"]
[PlyCount "89"]
[EventDate "2016.12.03"]
[EventType "swiss"]
[EventRounds "9"]
[EventCountry "RUS"]
[SourceTitle "EXT 2018"]
[Source "ChessBase"]
[SourceDate "2017.10.13"]
[SourceVersion "1"]
[SourceVersionDate "2017.10.13"]
[SourceQuality "1"]

1. e4 c5 2. c3 Nf6 3. e5 Nd5 4. d4 cxd4 5. cxd4 d6 6. Nf3 Nc6 7. Bc4 dxe5 8. Nxe5 Nxe5 9. dxe5 e6 10. 0-0 Be7 11. Bd2 0-0 12. Nc3 Nb4 13. Qe2 a6 14. Rfd1 Qc7 15. Rac1 Nc6 16. Bf4 b5 17. Bb3 Bb7 18. Ne4 Rad8 19. Bc2 Rxd1+ 20. Qxd1 Rd8 21. Qg4 Nxe5 22. Qh5 f5 23. Bb3 Qb6 24. Qxf5 Nc4 25. Bxc4 bxc4 26. Qe5 Qc6 27. f3 Qd5 28. Qc7 Qd4+ 29. Kf1 Bxe4 30. Qxe7 Bd3+ 31. Ke1 Rf8 32. Qxe6+ Kh8 33. Be3 Qxb2 34. Bd2 Bg6 35. Qxc4 Re8+ 36. Kd1 Rd8 37. Qc3 Qxa2 38. Ke1 h6 39. Bxh6 Re8+ 40. Kf1 Qe2+ 41. Kg1 Re7 42. Bg5 Re8 43. h3 Qe5 44. Qd2 Bf5 45. Bf4 1/2-1/2

[Event "Voronezh op-B 20th"]
[Site "Voronezh"]
[Date "2016.06.20"]
[Round "8"]
[White "Teryaeva, Valeria"]
[Black "Petrov, Timur"]
[Result "1-0"]
[WhiteElo "1823"]
[BlackElo "1357"]
[PlyCount "79"]
[EventDate "2016.06.12"]
[EventType "swiss"]
[EventRounds "9"]
[EventCountry "RUS"]
[SourceTitle "EXT 2017"]
[Source "ChessBase"]
[SourceDate "2016.10.25"]
[SourceVersion "1"]
[SourceVersionDate "2016.10.25"]
[SourceQuality "1"]

1. e4 c5 2. c3 d5 3. exd5 Qxd5 4. d4 cxd4 5. cxd4 Nc6 6. Nf3 Nf6 7. Nc3 Qa5 8. Be2 e6 9. 0-0 a6 10. h3 Bd6 11. Be3 0-0 12. Rc1 Bd7 13. a3 Rac8 14. Qd3 Rfe8 15. Rfd1 h6 16. d5 Ne5 17. Nxe5 Bxe5 18. Bf3 Red8 19. Bd4 Bf4 20. Bxf6 gxf6 21. Rc2 Be5 22. Qe3 Ba4 23. b4 Qc7 24. Nxa4 Qxc2 25. Nc5 exd5 26. Qxh6 Rc7 27. Qh5 Qh7 28. Qg4+ Kh8 29. Bxd5 b5 30. f4 Bd6 31. Be4 Bxc5+ 32. Kh2 Rxd1 33. Bxh7 Bg1+ 34. Kg3 Rc3+ 35. Kh4 Bf2+ 36. Kh5 Rd5+ 37. Kh6 Rg5 38. Qd7 Rg8 39. Qxf7 Rg6+ 40. Qxg6 1-0

[Event "Voronezh op-B 17th"]
[Site "Voronezh"]
[Date "2013.06.17"]
[Round "7"]
[White "Chernov, Vladimir S"]
[Black "Teryaeva, Valeria"]
[Result "1-0"]
[WhiteElo "1878"]
[BlackElo "1558"]
[PlyCount "61"]
[EventDate "2013.06.12"]
[EventType "swiss"]
[EventRounds "9"]
[EventCountry "RUS"]
[SourceTitle "EXT 2014"]
[Source "ChessBase"]
[SourceDate "2013.11.20"]
[SourceVersion "1"]
[SourceVersionDate "2013.11.20"]
[SourceQuality "1"]

1. d4 d5 2. Nf3 Nf6 3. c4 e6 4. Bg5 Be7 5. e3 0-0 6. Nc3 h6 7. Bh4 b6 8. cxd5 Nxd5 9. Bxe7 Qxe7 10. Nxd5 exd5 11. Rc1 Bb7 12. Bd3 c5 13. 0-0 Nd7 14. Bb1 Rac8 15. Qd3 Nf6 16. Ne5 Qe6 17. f4 Ne4 18. f5 Qe7 19. f6 gxf6 20. Ng4 Kh8 21. Rxf6 Rc6 22. Rxc6 Bxc6 23. dxc5 bxc5 24. Qa6 Qe6 25. Bxe4 dxe4 26. Rxc5 Qxg4 27. Rxc6 Qd1+ 28. Qf1 Qd2 29. Rxh6+ Kg7 30. Qf6+ Kg8 31. Rh8# 1-0